Normal view
MARC view
- Rai, CR
Entry Personal Name
001 - CONTROL NUMBER
- control field: 6905
003 - CONTROL NUMBER IDENTIFIER
- control field: OSt
005 - DATE AND TIME OF LATEST TRANSACTION
- control field: 20250109124742.0
008 - FIXED-LENGTH DATA ELEMENTS
- fixed length control field: 250109|| aca||aabn | a|a d
040 ## - CATALOGING SOURCE
- Original cataloging agency: OSt
- Transcribing agency: OSt
100 ## - HEADING--PERSONAL NAME
- Personal name: Rai, CR
670 ## - SOURCE DATA FOUND
- Source citation: Work cat.: (OSt)19000: Jain, SC 6904, Farm Tractor, Maintenance and Repair, 1984.
